000 00377 a2200109 4500
001 ART_45387
005 20260410161939.0
008 260409a
245 1 0 _aMini-symposium on "Is Keynesian demand management policy still viable?
100 1 _aDavidson, Paul
773 0 _tJournal of post Keynesian economics
_g- Vol. 17, NÂș 2 (dic.1994/mar.1995)
_wREV26226
999 _c29306
_d29306